[Event "AUTO-ELITE-1506"]
[Site "http://www.queenalice.com/game.php?id=1362975"]
[Date "2015.6.1"]
[Round "1"]
[White "phystutordotcom"]
[Black "araujox"]
[Result "0-1"]
[WhiteElo "2334"]
[BlackElo "2349"]

1. d4 Nf6 2. c4 g6 3. Nc3 d5 4. cxd5 Nxd5 5. e4 Nxc3 6. bxc3 Bg7 7. Nf3 c5 8.
Be3 O-O 9. Bc4 Nc6 10. O-O Bg4 11. d5 Na5 0-1

[Event "AUTO-OPEN-3493"]
[Site "http://www.queenalice.com/game.php?id=1363613"]
[Date "2015.6.5"]
[Round "1"]
[White "valdenicio"]
[Black "araujox"]
[Result "1-0"]
[WhiteElo "2221"]
[BlackElo "2277"]

1. Nf3 Nf6 2. d4 d5 3. Bf4 c5 4. e3 Nc6 5. Nbd2 Qb6 6. dxc5 Qxc5 7. c3 e6 8. Be2
Be7 9. h3 a6 10. a4 O-O 11. O-O Bd7 12. Ne5 Nxe5 13. Bxe5 Bc6 14. Bd4 Qd6 15.
Nf3 Nd7 16. c4 e5 17. cxd5 Bxd5 18. Bc3 Qe6 19. Qd2 Rfd8 20. Rfd1 Bb3 21. Rdc1
Nc5 22. Qe1 Bd5 23. Rd1 Bxf3 24. Bxf3 e4 25. Be2 Nd3 26. Bxd3 exd3 27. Bd4 Qf5
28. Qf1 Bf6 29. Qxd3 Qxd3 30. Rxd3 Bxd4 31. exd4 Rd7 32. Rad1 Rc8 33. b3 Kf8 34.
f3 Ke7 35. Kf2 Rc2+ 36. R1d2 Rxd2+ 37. Rxd2 Rc7 38. Rd3 Kd6 39. g4 Kd5 40. Ke3
Rc1 41. Kf4 f6 42. h4 Rc7 43. Ke3 b5 44. axb5 axb5 45. Kd2 1-0

[Event "AUTO-OPEN-3493"]
[Site "http://www.queenalice.com/game.php?id=1363614"]
[Date "2015.6.5"]
[Round "1"]
[White "araujox"]
[Black "valdenicio"]
[Result "1/2-1/2"]
[WhiteElo "2347"]
[BlackElo "2159"]

1. d4 Nf6 2. c4 e6 3. Nf3 d5 4. g3 b6 5. Bg2 Bb7 6. O-O Be7 7. Nc3 O-O 8. cxd5
exd5 9. Bg5 h6 10. Bxf6 Bxf6 11. Ne5 Re8 12. f4 c6 13. Rc1 Qd6 14. e4 a5 15.
exd5 cxd5 16. Nb5 Qd8 17. Nc7 Na6 18. Nxa8 Bxa8 19. Rf3 Qd6 20. Rfc3 Bb7 21. Bf1
Nb4 22. Qb3 Bxe5 23. fxe5 Qg6 24. Rc7 Ba6 25. a3 Bxf1 26. Rxf1 Nd3 27. Rfxf7 Qe4
28. Rxg7+ Kh8 29. Rh7+ 1/2-1/2

[Event "AUTO-OPEN-3493"]
[Site "http://www.queenalice.com/game.php?id=1363635"]
[Date "2015.6.5"]
[Round "1"]
[White "araujox"]
[Black "chessman"]
[Result "1-0"]
[WhiteElo "2348"]
[BlackElo "1995"]

1. e4 e6 2. d4 d5 3. Nd2 dxe4 4. Nxe4 Nf6 5. Bg5 Nbd7 6. Nf3 Be7 7. Ned2 O-O 8.
Be2 c5 9. c3 cxd4 10. Nxd4 a6 11. N2f3 e5 12. Nf5 e4 13. Nxe7+ Qxe7 14. Nd4 b5
15. O-O Bb7 16. Re1 Qe5 17. Bxf6 Nxf6 18. Bf1 Rfe8 19. a4 b4 20. Qb3 bxc3 21.
Qxc3 Rac8 22. Qb4 Qd5 23. Rad1 Ba8 24. Bxa6 Rcd8 25. Bb5 e3 26. Nf3 exf2+ 27.
Kxf2 Ne4+ 28. Kg1 Qxd1 29. Bxe8 Qc2 30. Qe7 1-0

[Event "AUTO-OPEN-3493"]
[Site "http://www.queenalice.com/game.php?id=1363636"]
[Date "2015.6.5"]
[Round "1"]
[White "chessman"]
[Black "araujox"]
[Result "0-1"]
[WhiteElo "1993"]
[BlackElo "2346"]

1. e4 e5 2. Nf3 Nc6 3. Bb5 a6 4. Ba4 Nf6 5. O-O Be7 6. Re1 b5 7. Bb3 d6 8. c3
O-O 9. h3 Bb7 10. d4 Re8 11. Nbd2 Bf8 12. dxe5 Nxe5 13. Qe2 Qd7 14. Nxe5 Rxe5
15. f3 Rae8 16. c4 d5 17. f4 Bc5+ 18. Kh2 R5e7 19. cxd5 Nxe4 20. Nxe4 Bxd5 0-1

[Event "AUTO-ELITE-1508"]
[Site "http://www.queenalice.com/game.php?id=1364111"]
[Date "2015.6.7"]
[Round "1"]
[White "araujox"]
[Black "Zugswang"]
[Result "0-1"]
[WhiteElo "2361"]
[BlackElo "2208"]

1. d4 Nf6 2. c4 c5 3. d5 b5 4. cxb5 a6 5. Nc3 d6 6. e4 Nbd7 7. Nf3 g6 8. Bd2 Bg7
9. Bd3 O-O 10. Qe2 axb5 11. Bxb5 Ng4 12. O-O Nge5 13. a4 Nxf3+ 14. Qxf3 Ne5 15.
Qe2 Qb6 16. h3 Ba6 17. f4 Bxb5 18. Nxb5 Nd7 19. Bc3 Rfb8 20. Bxg7 Kxg7 21. Kh1
f6 22. Qg4 Qd8 23. b3 Nf8 24. Rf3 Rxb5 25. axb5 Rxa1+ 0-1

[Event "AUTO-ELITE-1508"]
[Site "http://www.queenalice.com/game.php?id=1364112"]
[Date "2015.6.7"]
[Round "1"]
[White "Zugswang"]
[Black "araujox"]
[Result "1/2-1/2"]
[WhiteElo "2228"]
[BlackElo "2344"]

1. e4 e5 2. f4 exf4 3. Bc4 Nf6 4. Nc3 c6 5. d4 d5 6. exd5 cxd5 7. Bb5+ Nc6 8.
Bxf4 Bb4 9. Ne2 O-O 10. a3 Bd6 11. O-O Ne7 12. Bg5 Ng6 13. Nf4 Nxf4 14. Bxf4 a6
15. Ba4 Bg4 16. Qd3 Bxf4 17. Rxf4 Bh5 18. Bb3 Qd6 19. Raf1 Bg6 20. Qf3 Rad8 21.
g4 Ne4 22. Qg2 Nxc3 23. bxc3 Qxa3 24. Bxd5 Qxc3 25. Bxb7 Rxd4 26. Bxa6 Rxf4 27.
Rxf4 Qxc2 28. Qxc2 Bxc2 29. Bc4 h6 30. h4 g6 31. Rf1 Kg7 32. Kh2 f5 33. Kg3 Rc8
34. Be6 Rc3+ 35. Kf4 fxg4 36. Kxg4 Rc7 37. Rf4 Bd1+ 38. Kg3 Rc3+ 39. Kf2 Rc7 40.
Kg3 1/2-1/2

[Event "AUTO-OPEN-3503"]
[Site "http://www.queenalice.com/game.php?id=1367487"]
[Date "2015.6.25"]
[Round "1"]
[White "EdBrazil"]
[Black "araujox"]
[Result "0-1"]
[WhiteElo "1278"]
[BlackElo "2343"]

1. d4 Nf6 2. f4 g6 3. e3 Bg7 4. Nf3 c5 5. Bc4 cxd4 6. Ne5 O-O 7. exd4 d6 8. Nxf7
Rxf7 9. Bxf7+ Kxf7 10. O-O Bf5 11. Nc3 Nc6 12. Be3 Qd7 13. a3 Kg8 14. h3 e5 15.
d5 Ne7 16. Qe2 exf4 17. Bxf4 Nexd5 18. Qb5 Nxc3 19. bxc3 Qxb5 20. Rab1 Qc5+ 21.
Kh2 b6 22. Rf3 Re8 23. a4 Bxc2 24. Rc1 Bxa4 25. Ra1 Bc6 26. Rff1 Nh5 27. Rxa7
Nxf4 28. Rxf4 Be5 0-1

[Event "AUTO-OPEN-3503"]
[Site "http://www.queenalice.com/game.php?id=1367488"]
[Date "2015.6.25"]
[Round "1"]
[White "araujox"]
[Black "EdBrazil"]
[Result "1-0"]
[WhiteElo "2344"]
[BlackElo "1278"]

1. e4 e5 2. Nf3 Nc6 3. Bb5 Nd4 4. Nxd4 exd4 5. O-O Nf6 6. d3 Bd6 7. Qe2 O-O 8.
c3 Bc5 9. Nd2 a6 10. Bc4 b5 11. Bb3 Qe8 12. Nf3 dxc3 13. bxc3 d5 14. e5 c6 15.
Re1 Ng4 16. d4 Bb6 17. h3 Nh6 18. Bxh6 gxh6 19. Qe3 Qe6 20. Bc2 f5 21. exf6 Qxf6
22. Qd3 Bf5 23. Qxf5 Qxf5 24. Bxf5 Rxf5 25. Re6 Ba5 26. Rxc6 Kh8 27. Re1 Rg8 28.
Re3 Bd8 29. Rxh6 Bg5 30. Nxg5 Rgxg5 31. Rxa6 Rf7 32. Rb6 Ra7 33. Re2 h5 34. Rxb5
Rag7 35. g3 h4 36. g4 Rf5 37. a4 Kg8 38. a5 Rf3 39. Re3 Rf5 40. a6 1-0

[Event "AUTO-OPEN-3503"]
[Site "http://www.queenalice.com/game.php?id=1367517"]
[Date "2015.6.25"]
[Round "1"]
[White "Herivelto"]
[Black "araujox"]
[Result "0-1"]
[WhiteElo "1928"]
[BlackElo "2346"]

1. e4 e5 2. Nf3 Nc6 3. Bc4 Bc5 4. d3 Nf6 5. O-O O-O 6. h3 h6 7. Nc3 a6 8. a3 d6
9. b4 Bb6 10. Nd5 Ba7 11. c3 Be6 12. Nxf6+ Qxf6 13. Bxe6 Qxe6 14. d4 exd4 15.
Nxd4 Nxd4 16. cxd4 Qxe4 17. Bb2 Rfe8 18. Rc1 Bb6 19. Bc3 d5 20. Re1 Qf5 21. Qd2
c6 22. Re2 Bc7 23. Rce1 Kf8 24. Rxe8+ Rxe8 25. Kf1 Bf4 26. Rxe8+ Kxe8 27. Qe1+
Kd7 28. Bd2 Qd3+ 29. Qe2 Qxd2 0-1

[Event "AUTO-OPEN-3503"]
[Site "http://www.queenalice.com/game.php?id=1367518"]
[Date "2015.6.25"]
[Round "1"]
[White "araujox"]
[Black "Herivelto"]
[Result "1-0"]
[WhiteElo "2345"]
[BlackElo "1934"]

1. e4 c5 2. Nf3 d6 3. d4 cxd4 4. Nxd4 Nc6 5. Nc3 Nf6 6. Bg5 e5 7. Bxf6 Qxf6 8.
Nd5 Qd8 9. Nb5 Be6 10. Nbc7+ Kd7 11. Nxa8 Qxa8 12. Be2 f5 13. O-O Nd4 14. Bd3 f4
15. c4 Be7 16. b4 b6 17. Qa4+ Kd8 18. Nxb6 Qb7 19. Nd5 Bxd5 20. cxd5 g5 21. Rac1
g4 22. Ba6 1-0

[Event "AUTO-ELITE-1516"]
[Site "http://www.queenalice.com/game.php?id=1367605"]
[Date "2015.6.25"]
[Round "1"]
[White "Flashinho"]
[Black "araujox"]
[Result "1-0"]
[WhiteElo "2286"]
[BlackElo "2289"]

1. d4 Nf6 2. c4 g6 3. Nc3 d5 4. cxd5 Nxd5 5. e4 Nxc3 6. bxc3 Bg7 7. Bc4 c5 8.
Ne2 O-O 9. O-O Nc6 10. Be3 Bg4 11. f3 Na5 12. Bxf7+ Rxf7 13. fxg4 Rxf1+ 14. Qxf1
Nc4 15. Qf2 1-0

[Event "AUTO-ELITE-1516"]
[Site "http://www.queenalice.com/game.php?id=1367606"]
[Date "2015.6.25"]
[Round "1"]
[White "araujox"]
[Black "Flashinho"]
[Result "0-1"]
[WhiteElo "2302"]
[BlackElo "2273"]

1. e4 e5 2. Nf3 Nc6 3. Bb5 a6 4. Ba4 Nf6 5. O-O Be7 6. Re1 b5 7. Bb3 O-O 8. c3
d6 9. h3 Bb7 10. d4 Qd7 11. a4 exd4 0-1

[Event "AUTO-ELITE-1516"]
[Site "http://www.queenalice.com/game.php?id=1367611"]
[Date "2015.6.25"]
[Round "1"]
[White "araujox"]
[Black "FabioDavid"]
[Result "0-1"]
[WhiteElo "2328"]
[BlackElo "2408"]

1. e4 e5 2. Nf3 Nc6 3. Bb5 a6 4. Ba4 Nf6 5. O-O b5 6. Bb3 Be7 7. Nc3 d6 8. Nd5
Na5 9. Nxe7 Qxe7 10. d3 h6 11. Bd2 Nxb3 12. axb3 O-O 13. Qe2 c5 14. h3 Bb7 15.
Nh4 Bc8 16. Nf3 Bb7 17. Rfd1 Nd7 18. Ba5 f5 19. b4 fxe4 20. dxe4 cxb4 21. Bxb4
Nc5 22. Bxc5 dxc5 23. c4 b4 24. Nd2 a5 25. Nf1 a4 26. Rd3 Qg5 27. f3 Rfd8 0-1

[Event "AUTO-ELITE-1516"]
[Site "http://www.queenalice.com/game.php?id=1367612"]
[Date "2015.6.25"]
[Round "1"]
[White "FabioDavid"]
[Black "araujox"]
[Result "1-0"]
[WhiteElo "2402"]
[BlackElo "2341"]

1. b3 Nf6 2. Bb2 g6 3. Bxf6 exf6 4. g3 Bg7 5. e3 O-O 6. Bg2 d5 7. Ne2 c5 8. c3
d4 9. cxd4 f5 10. Nbc3 cxd4 11. exd4 f4 12. Nxf4 Re8+ 13. Nfe2 Bxd4 14. O-O Nc6
15. Bxc6 bxc6 16. Nxd4 Qxd4 17. Ne2 Qe4 18. Nf4 Bb7 19. d3 Qd4 20. Re1 c5 21. h4
h6 22. Rc1 Qb2 23. Rxc5 Qxa2 24. h5 Rxe1+ 25. Qxe1 g5 26. Nd5 Rd8 27. Qe7 Rxd5
28. Rxd5 Qb1+ 29. Kh2 Bxd5 30. Qd8+ Kg7 31. Qxd5 Qd1 32. Kg2 Qxh5 33. Qd4+ 1-0